All MTG keyword abilities - Statistics

General Stats
  • This quiz has been taken 18 times
    14 since last reset
  • The average score is 31 of 191
Answer Stats
answers % Correct
Haste
100%
Hexproof
100%
Lifelink
100%
Trample
100%
Deathtouch
91%
Flying
91%
Double Strike
82%
First Strike
82%
Reach
82%
Indestructible
73%
Shroud
73%
Protection
64%
Shadow
64%
Vigilance
64%
Ward
64%
Flash
55%
Infect
55%
Affinity
45%
Convoke
45%
Defender
45%
Fear
45%
Landwalk
45%
Menace
45%
Skulk
45%
Toxic
45%
Cascade
36%
Evoke
36%
Evolve
36%
Flashback
36%
Madness
36%
Myriad
36%
Ninjutsu
36%
Sneak
36%
Annihilator
27%
Bushido
27%
Companion
27%
Enchant
27%
Epic
27%
Equip
27%
Exhaust
27%
Firebending
27%
Flanking
27%
Kicker
27%
Persist
27%
Poisonous
27%
Undying
27%
Web-slinging
27%
Wither
27%
Afflict
18%
Blitz
18%
Buyback
18%
Dash
18%
Devoid
18%
Embalm
18%
Escape
18%
Eternalize
18%
Improvise
18%
Mayhem
18%
Melee
18%
Partner
18%
Provoke
18%
Prowess
18%
Soulbond
18%
Suspend
18%
Warp
18%
Absorb
9%
Amplify
9%
Banding
9%
Basic Landcycling
9%
Battle Cry
9%
Bestow
9%
Blight
9%
Champion
9%
Changling
9%
Conspire
9%
Craft
9%
Crew
9%
Cumulative upkeep
9%
Cycling
9%
Dredge
9%
Echo
9%
Emerge
9%
Encore
9%
Forecast
9%
Frenzy
9%
Fuse
9%
Graft
9%
Hideaway
9%
Horsemanship
9%
Impending
9%
Intimidate
9%
Jump-start
9%
Level up
9%
Living metal
9%
Living weapon
9%
More Than Meets the Eye
9%
Morph
9%
Offspring
9%
Outlast
9%
Rampage
9%
Rebound
9%
Renown
9%
Replicate
9%
Retrace
9%
Riot
9%
Saddle
9%
Start your engines!
9%
Storm
9%
Unearth
9%
Vanishing
9%
Afterlife
0%
Aftermath
0%
Ascend
0%
Assist
0%
Aura Swap
0%
Awaken
0%
Backup
0%
Bargain
0%
Bloodthirst
0%
Boost
0%
Casualty
0%
Changeling
0%
Cipher
0%
Cleave
0%
Compleated
0%
Daybound
0%
Decayed
0%
Delve
0%
Demonstrate
0%
Dethrone
0%
Devour
0%
Disguise
0%
Disturb
0%
Enlist
0%
Entwine
0%
Escalate
0%
Exalted
0%
Exploit
0%
Extort
0%
Fabricate
0%
Fading
0%
For Mirrodin!
0%
Fortell
0%
Fortify
0%
Freerunning
0%
Gift
0%
Gravestorm
0%
Harmonize
0%
Haunt
0%
Hidden agenda
0%
Ingest
0%
Job select
0%
Mentor
0%
Miracle
0%
Mobalise
0%
Modular
0%
Mutate
0%
Offering
0%
Overload
0%
Phasing
0%
Plot
0%
Power-up
0%
Prototype
0%
Prowl
0%
Ravenous
0%
Read ahead
0%
Reconfigure
0%
Recover
0%
Reinforce
0%
Ripple
0%
Scavenge
0%
Solved
0%
Soulshift
0%
Space sculpter
0%
Spectacle
0%
Splice
0%
Split second
0%
Spree
0%
Squad
0%
Station
0%
Sunburst
0%
Surge
0%
Tiered
0%
Training
0%
Transfigure
0%
Transmute
0%
Tribute
0%
Umbra armour
0%
Undaunted
0%
Unleash
0%
Visit
0%
No matching quizzes found
Score Distribution
Percent of People with Each Score
Percentile by Number Answered
Your Score History
You have not taken this quiz since the last reset